书目信息

书名: 建筑模型设计与制作 
作者: 李敬敏 编著
出版信息: 北京   中国轻工业出版社  2009
开本页数: 26cm  76页
丛书名:
单 册:
中图分类: TU20
科图分类:
主题词: 模型(建筑)--设计--技术教育--教材 , 模型(建筑)--制作--技术教育--教材 , 模型(建筑)
电子资源:
ISBN: 978-7-5019-2819-4
000 00824nam0 2200265 450
001 2847
005 20091207165528.01
010    @a978-7-5019-2819-4@dCNY28.00
098    @a2847
100    @a20091127d2009 em y0chiy0110 ea
101 @achi
102    @aCN@b110000
105    @aa z 000yy
200 @a建筑模型设计与制作@Ajian zhu mo xing she ji yu zhi zuo@f李敬敏编著
210    @a北京@c中国轻工业出版社@d2009
215    @a76页@d26cm
300    @a职业技术教育教材
330    @a本书讲述了有关建筑模型设计与制作的工具、方法及程序。分概述、工具和材料、建筑模型的设计制作等五章。
606 @a模型(建筑)@x设计@x技术教育@j教材
606 @a模型(建筑)@x制作@x技术教育@j教材
606 @a模型(建筑)
690    @aTU20@v4
701  0 @a李敬敏@Ali jing min@4编著
801    @aCN@bCDNYKJ@c20091207
905    @dTU20@e11
    
    建筑模型设计与制作/李敬敏编著.-北京:中国轻工业出版社,2009
    76页;26cm
    职业技术教育教材
    
    ISBN 978-7-5019-2819-4:CNY28.00
    本书讲述了有关建筑模型设计与制作的工具、方法及程序。分概述、工具和材料、建筑模型的设计制作等五章。
相关链接 在五车中查询图书 在当当中查询图书 在豆瓣中查询图书


正题名:建筑模型设计与制作     索取号:TU20/11         预约/预借

序号 登录号 条形码 馆藏地/架位号 状态 备注
1 259168   300259168   海科密-1楼/15架4列5层/ [索取号:TU20/11] 在馆    
2 259169   300259169   海科密-1楼/15架4列5层/ [索取号:TU20/11] 在馆    
3 259170   300259170   海科密-1楼/15架4列5层/ [索取号:TU20/11] 在馆    
4 259171   300259171   海科密-1楼/15架4列5层/ [索取号:TU20/11] 在馆    
5 259172   300259172   海科密-1楼/15架4列5层/ [索取号:TU20/11] 在馆    
6 294883   300294883   海科密-1楼/15架4列5层/ [索取号:TU20/11] 在馆    
7 294884   300294884   海科密-1楼/15架4列5层/ [索取号:TU20/11] 在馆    
8 294885   300294885   海科密-1楼/15架4列5层/ [索取号:TU20/11] 在馆    
9 294886   300294886   海科密-1楼/15架4列5层/ [索取号:TU20/11] 在馆    
10 294887   300294887   柳城-5楼/35架7列5层/ [索取号:TU20/11] 在馆    
11 294888   300294888   海科密-1楼/15架4列5层/ [索取号:TU20/11] 在馆    
12 294889   300294889   海科密-1楼/15架4列5层/ [索取号:TU20/11] 在馆    
13 294890   300294890   海科密-1楼/15架4列5层/ [索取号:TU20/11] 在馆    
14 294891   300294891   柳城-5楼/35架7列5层/ [索取号:TU20/11] 在馆    
15 294892   300294892   柳城-5楼/35架7列5层/ [索取号:TU20/11] 在馆